Mamíferos (<Synapsida: Theria>) de Colombia (Registro nro. 15334)

Detalles MARC
000 -CABECERA
Campo de control 004300000a22001450004500
090 ## - CLASIFICACIÓN LOCAL
Colección AS
Consecutivo Seriadas
041 0# - IDIOMA
Código de idioma para texto/pista de sonido o título separado
100 1# - ASIENTO PRINCIPAL--NOMBRE PERSONAL
Nombre personal Alberico, Michael
245 10 - MENCION DE TITULO
Título Mamíferos (<Synapsida: Theria>) de Colombia
700 1# - ASIENTO SECUNDARIO - NOMBRE PERSONAL
Nombre personal Cadena, Alberto
700 1# - ASIENTO SECUNDARIO - NOMBRE PERSONAL
Nombre personal Hernández Camacho, Jorge Ignacio
700 1# - ASIENTO SECUNDARIO - NOMBRE PERSONAL
Nombre personal Muñoz Saba, Yaneth
773 1# - Item fuente:
Título Biota Colombiana
Especificación de materiales 1061
Descripción física 1
Paginas del Articulo 43-75
Lugar, editorial y fecha de publicación 2000
Información sobre la relación 1
942 ## - ELEMENTOS ADICIONALES (KOHA)
Tipo de ítem Artículo

No hay ítems disponibles.